000 00318nam a2200133Ia 4500
005 20251222142031.0
008 251222s9999||||xx |||||||||||||| ||spa||
020 _a84-285-1556-5
082 _a070.449/B11
100 _aBabin, Pierre
245 0 _aEl Lenguaje de la Nueva Cultura
264 _bPaulinas
942 _cLIB
999 _c10962
_d10962